Nur masih di sini

Bibliographic Details
Main Author: Abdullah A.M
Format: Book
Published: Selangor : Penerbitan PCT , 2006
Series:Siri menangkis kemelut
Subjects:

MARC

LEADER 00000cam a2200000 7i4500
001 0000000335
005 20151222.0
008 070629
020 |a 9833241573(set) 
020 |a 983324162X 
090 0 0 |a JF   |b MAL 
100 0 |a Abdullah A.M. 
245 1 0 |a Nur masih di sini   |c Abdullah A.M 
260 |a Selangor :   |b Penerbitan PCT ,   |c 2006 
440 |a Siri menangkis kemelut 
500 |a Children ages 10-12 years old (pink) 
650 0 |a Malay fiction 
999 |a 0000919412   |b Book   |c Children Collection   |e Cawangan Bukit Gambir 
999 |a 0000919413   |b Book   |c Children Collection   |e Cawangan Bukit Gambir 
999 |a 0000919414   |b Book   |c Children Collection   |e Cawangan Bukit Gambir 
999 |a 0000929229   |b Book   |c Children Collection   |e Cawangan Tangkak 
999 |a 0000929231   |b Book   |c Children Collection   |e Cawangan Tangkak 
999 |a 0000955085   |b Book   |c Children Collection   |e Perbadanan Perpustakaan Awam Johor 
999 |a 0000955086   |b Book   |c Children Collection   |e Cawangan Bandar Penawar 
999 |a 0000955088   |b Book   |c Children Collection   |e Cawangan Sri Merlong 
999 |a 0000955701   |b Book   |c Children Collection   |e Cawangan Taman Sri Lambak 
999 |a 0000955702   |b Book   |c Children Collection   |e Perbadanan Perpustakaan Awam Johor 
999 |a 0000955703   |b Book   |c Children Collection   |e Cawangan Sri Merlong